| 000 | 00741cab a2200253 4500 | ||
|---|---|---|---|
| 001 | ABS54597 | ||
| 008 | 090401t1996 xxu||||| |||| 00| 0 eng d | ||
| 035 | _a(Sirsi) u11270 | ||
| 041 | _aeng | ||
| 100 | _aAdams, T. | ||
| 245 | _aSpotlight on the looming planning crisis | ||
| 260 | _c1996 | ||
| 350 | _a0 | ||
| 490 |
_aThe Waste Manager _vFebruary 1996, 10-11(2) |
||
| 520 | _aConsiders the lengthy and difficult process of gaining planning permission for landfill sites. | ||
| 650 | _aLANDFILL SITES | ||
| 650 | _aPLANNING APPEALS | ||
| 650 | _aPLANNING PERMISSION | ||
| 650 | _aWASTE MANAGEMENT | ||
| 690 | _aENVIRONMENTAL AND LAND CONSULTANCY | ||
| 690 | _aPLANNING LAW AND PRACTICE | ||
| 942 | _n0 | ||
| 948 | _c04/03/1997 | ||
| 999 |
_c7173 _d7173 |
||